000 00261nam a2200097Ia 4500
001 1153379
005 20250827011123.0
008 250824s9999 xx 000 0 und d
245 0 _aKANLI TOPRAKLAR K1 14
_cORHAN KEMAL
260 _bEVEREST YAYINLARI
999 _c1153379
_d1153379